Polscy Youtuberzy po opisie - Statystyki

Ogólne statystyki
  • Ten quiz został rozwiązany 659 razy
    619 od ostatniego zresetowania
  • Średni wynik to 4 z 10
Statystyki odpowiedzi
opis Youtuber % Poprawnych
Najlepszy przyjaciel założyciela domu ekipy Tromba
83%
Jeden z włodarzy FAME MMA Boxdel
74%
Jedna z dziewczyn w teamie X Natsu
70%
Największy Kanał Fortnitowy w Polsce Jacob
56%
Jeden z prowadządzych Mniej więcej Kolega Ignacy
41%
Planeta .... Planeta faktów
30%
Największy kanał fifowy PLKD
26%
Największy kanał piłkarski na polskim YT Trenuj z krzychem
26%
Nagrał piosenkę z Sławomirem Disco Marek
24%
Jeden Z Niewielu Kanałów Commentary który BYŁ Na Kwadratowej masakrze Awięc
3%
Nie znaleziono quizów pasujących do podanych kryteriów
Rozkład punktacji
Procent ludzi z każdym wynikiem
Percentyl według liczby udzielonych odpowiedzi
Twoja historia wyników
Nie rozwiązałeś tego quizu od ostatniego zresetowania